Statistiques concernant Grille de mots #10

Cliquez ici pour prendre le quiz!

Statistiques générales

  • Ce quiz a été pris 60 fois
  • Le résultat moyen est 68 sur 88

Statistiques - réponses

Place de la lettreRéponses% Correct
2 CE
91%
7 BR
91%
1 CR
89%
6 BT
89%
7 AA
85%
1 DM
85%
2 JN
85%
2 HN
85%
2 IO
85%
2 DU
85%
1 AF
83%
2 BI
83%
1 FN
83%
9 BO
83%
1 BO
83%
2 AR
83%
1 GT
83%
1 JA
81%
2 FE
81%
1 HE
81%
1 EE
81%
3 DE
81%
4 DN
81%
1 IR
81%
2 ES
81%
5 DT
81%
10 BU
81%
9 HA
80%
10 AE
80%
4 BG
80%
4 CI
80%
4 AU
80%
9 EE
78%
4 EE
78%
6 JE
78%
3 BN
78%
7 EN
78%
7 DO
78%
8 FO
78%
3 AO
78%
5 CS
78%
9 AD
76%
6 HE
76%
3 JE
76%
5 JI
76%
5 FI
76%
7 CL
76%
8 HP
76%
8 AR
76%
9 FR
76%
4 JR
76%
5 HR
76%
6 AS
76%
5 AS
76%
10 HU
76%
6 EA
74%
8 CA
74%
3 HD
74%
5 GE
74%
10 IE
74%
3 FE
74%
9 II
74%
9 CN
74%
5 ER
74%
9 JT
74%
4 HU
74%
8 DC
72%
8 EC
72%
8 JE
72%
4 IE
72%
8 IL
72%
3 EP
72%
9 GR
72%
6 IR
72%
10 ES
72%
3 IU
72%
10 DE
70%
6 FL
70%
6 CO
70%
10 GS
70%
10 CT
70%
8 GU
70%
7 IE
69%
10 JE
69%
4 GH
69%
3 GR
69%
6 GT
69%
7 GE
65%

Distribution des résultats

Percentile par nombre de réponses

% des personnes avec chaque résultat

Votre développement - résultats

Vous n’avez pas pris ce quiz